Cómo cavar un hoyo hasta el otro lado del mundo / (Registro nro. 12350)
[ vista simple ]
| 000 -LIDER | |
|---|---|
| fixed length control field | 00673nam a22002297a 4500 |
| 001 - NÚMERO DE CONTROL | |
| Identificador de número de control | 0011926 |
| 003 - IDENTIFICACDOR DE NÚMERO DE CONTROL | |
| control field | DO-SdBNP |
| 005 - DATE AND TIME OF LATEST TRANSACTION | |
| control field | 20180216100707.0 |
| 007 - CAMPOS FIJOS DE DESCRIPCIÓN FÍSICA | |
| fixed length control field | 0011926 |
| 008 - ELEMENTOS DE LONGITUD FIJA | |
| fixed length control field | 161207b 1979 xx||||| |||| 00| 0 spa d |
| 020 ## - ISBN | |
| International Standard Book Number | 9780590472029 |
| 040 ## - FUENTE DE CATALOGACIÓN | |
| Agencia que crea de manera original el registro | BPMSU |
| Idioma de catalogación | spa |
| Agencia que realiza la transcripción | BPMSU |
| 100 1# - ASIENTO PRINCIPAL -- NOMBRE PERSONAL | |
| Nombre personal | McNulty, Faith |
| 245 1# - MENCIÓN DE TITULO | |
| Título | Cómo cavar un hoyo hasta el otro lado del mundo / |
| Mención de responsabilidad | Faith McNulty ; ilustraciones Marc Simont |
| 260 ## - PUBLICACIÓN, DISTRIBUCIÓN, ETC. (PIE DE IMPRENTA) | |
| Lugar de publicación, distribución, etc | New York : |
| Nombre del editor, distribuidor, etc. | Scholastic , |
| Fecha de publicación, distribución, etc | 1979 |
| 300 ## - DESCRIPCIÓN FÍSICA | |
| Extensión | 32 p. : |
| Otros detalles físicos | il., |
| Dimensiones | 25 cm. |
| 700 1# - ASIENTO SECUNDARIO -- NOMBRE PERSONAL | |
| Nombre personal | Simont, Marc, |
| Mención de responsabilidad | il. |
| 910 ## - VALIDACIÓN | |
| Validación | Inventariado, 2018/MFF |
| 942 ## - ADDED ENTRY ELEMENTS (KOHA) | |
| Source of classification or shelving scheme | Dewey Decimal Classification |
| Koha item type | Libros |
| 945 ## - INFORMACIÓN DE PROCESAMIENTO LOCAL | |
| Información de procesamiento local | Inventariado, 2018/MFF |
| 956 ## - LOCAL ELECTRONIC LOCATION AND ACCESS (OCLC) | |
| Nombre de host | BTAVÁREZ |
| Número de acceso | 10 |
| Información de compresión | 20161207 |
| Trayectoria | 0011926 |
| Withdrawn status | Lost status | Source of classification or shelving scheme | Damaged status | Not for loan | Collection code | Home library | Current library | Date acquired | Total Checkouts | Barcode | Date last seen | Price effective from | Koha item type |
|---|---|---|---|---|---|---|---|---|---|---|---|---|---|
| Dewey Decimal Classification | Colección Infantil General | Biblioteca Pública Metropolitana Salomé Ureña | Biblioteca Pública Metropolitana Salomé Ureña | 12/07/2016 | BPMSU16120205 | 12/07/2016 | 12/07/2016 | Libros |